[Event "GER Seniors Derby 15th"]
[Site "Wesel Undeloh"]
[Date "2016.04.08"]
[Round "5"]
[White "Scheytt, Juergen"]
[Black "Mingst, Adolf"]
[Result "1/2-1/2"]
[WhiteElo "1449"]
[BlackElo "1278"]
[PlyCount "51"]
[EventDate "2016.04.06"]
[EventType "swiss"]
[EventRounds "9"]
[EventCountry "GER"]
[SourceTitle "EXT 2019"]
[Source "ChessBase"]
[SourceDate "2018.10.10"]
[SourceVersion "1"]
[SourceVersionDate "2018.10.10"]
[SourceQuality "1"]

1. e4 e5 2. Nf3 Nf6 3. Bc4 d5 4. exd5 Nxd5 5. Qe2 Nc6 6. Nxe5 Be6 7. Nxc6 bxc6 8. Qf3 Bd6 9. 0-0 0-0 10. Nc3 Qh4 11. h3 Qxc4 12. d3 Qh4 13. Ne4 Nf4 14. Nxd6 Nxh3+ 15. gxh3 cxd6 16. Kh2 f5 17. Bf4 Bd5 18. Qg3 Qxg3+ 19. fxg3 Rfd8 20. Rae1 Kf7 21. Re2 Rd7 22. Rfe1 a5 23. Re3 c5 24. c4 Bc6 25. Re6 Rad8 26. Bd2 1/2-1/2